000 01262nam2a2200229 4500
001 rc\2974899
005 20260315061839.0
035 _a(NLR Aleph) 007120645
090 _a13608459
_c13608459
100 _a20110908d1939 u y0rusy50 ca
101 0 _arus
102 _aRU
105 _ay z |||||
200 1 _aНовый метод доводки поверхности металлов
210 _d1939
461 0 _1001rc\2974898
_12001#$aСерия обзоров иностранной технической литературы$eВып. 1-$fОНТИ Глававтопрома. Отраслевая науч.-техн. б-ка при НАТИ$vВып. 1
_96859278
_aНаучно-исследовательский и экспериментальный автотракторный институт (Москва). Библиотека
_cМосква
_d1939
_fОНТИ Глававтопрома. Отраслевая науч.-техн. б-ка при НАТИ
_nСтекло НАТИ
_oВып. 1-
_tСерия обзоров иностранной технической литературы
_vВып. 1
700 1 _aКугель
_bР.В.
801 0 _aRU
_bNLR
_gpsbo
801 1 _aRU
_bELAR
_2rusmarc
852 _aNLR
_j39-20/16
942 _cUNSPEC
980 _aNB